LEADER 00816nam a2200205 i 4500 001 000000178827 003 CaOOAMICUS 005 20090610000000.0 008 090610s1965 it u000 u ita u 013 $a156402 040 $aSeMil$bita 100 1 $aDe Franciscis, Alfonso.$0(OLS)http://semarc/name/52130 245 13$aLa pittura pompeiana /$cDi Alfonso De Franciscis ; fotografie a cura di Giacomo Pozzi Bellini. 300 $a1 v. :$briccamente ill. 700 1 $aPozzi Bellini, Giacomo.$0(OLS)http://semarc/name/66399 773 0 $tForma e colore.$dFirenze : Sadea Sansoni, [1965]$g5$w()21466 850 $aSeMil 852 $aSeMil$W1$xVenegono$y1$m5V VII 41$j129597$B129597$CSeMilBibl$Z2$F142161 $81 961 $aOmaggio: Giuliani don Angelo 996 $6245$aLa pittura pompeiana$9(OLS)http://semarc/title/256844 LEADER 01311nam a2200277 i 4500 001 000000179983 003 CaOOAMICUS 005 20090616000000.0 008 090616s1976 xxu u000 u mul u 013 $a157602 040 $aSeMil$bita 100 1 $aMore, Thomas,$c.$0(OLS)http://semarc/name/1481 245 10$aPart 2: Introduction, commentary, index /$cThomas More ; edited by Clarence H. Miller. 260 $aNew Haven ; London :$bYale University Press,$c1976. 300 $aP. 695-1192, [9] c. di tav. :$bfacs. ;$c24 cm. 700 1 $aMiller, Clarence Harvey,$d<1930-2019>.$0(OLS)http://semarc/name/9609 773 0 $tComplete works of St. Thomas More.$dNew Haven ; London : Yale University Press, 1963-1997.$g14$w()1636 773 0 $aMore, Thomas $tTristitia Christi.$dNew Haven ; London : Yale University Press, 1976.$z0-300-01793-6$w()21496 850 $aSeMil 852 $aSeMil$W1$xVenegono$y1$m2Q V 108$j130736$B130736$CSeMilBibl$Z2$F142292 $81 900 0 $aTommaso : Moro. 900 0 $aThomas : More. 996 $6245$aPart 2: Introduction, commentary, index$9(OLS)http://semarc/title/258430 996 $6260$aNew Haven ; London :$bYale University Press$9(OLS)http://semarc/publisher/30327